| 000 | 00755nam a2200229 4500 | ||
|---|---|---|---|
| 003 | LK-CoMWRAF | ||
| 005 | 20231107231004.0 | ||
| 008 | 230831b2006 |||||||| |||| 00| 0 eng d | ||
| 020 | _a955910294X | ||
| 040 |
_aLK-CoMWRAF _dLK-CoMWRAF _eLK-CoMWRAF |
||
| 041 | _aeng | ||
| 082 |
_a306.85 _bRUW |
||
| 100 | _aRuwanpura, Kanchana N. | ||
| 245 |
_aMatrilineal communities, patriarchal realities: _ba feminist Nirvana uncovered |
||
| 260 |
_aColombo: _bSocial Scientists Association, _c2006 |
||
| 300 |
_axiv, 242 p. : map ; 23 cm. _bBibliography included |
||
| 650 | _aWOMEN-Social conditions-Sri Lanka | ||
| 650 | _aWomen -- Sri Lanka -- Economic conditions | ||
| 650 | _aPatriarchy -- Sri Lanka | ||
| 650 | _aFeminism -- Sri Lanka | ||
| 942 | _cBK | ||
| 999 |
_c3333 _d3333 |
||